[Event "Remote Jubilee Jadoube-B email"]
[Site "Remote email"]
[Date "2013.07.09"]
[Round "?"]
[White "Gottwald, Bernhard"]
[Black "Maier, Lukas"]
[Result "1-0"]
[WhiteElo "1870"]
[BlackElo "1807"]
[PlyCount "55"]
[EventDate "2013.??.??"]
[EventType "tourn (corr)"]
[EventRounds "8"]
[EventCountry "GER"]
[SourceTitle "Corr 2015"]
[Source "ChessBase"]
[SourceDate "2015.07.17"]
[SourceVersion "1"]
[SourceVersionDate "2015.07.17"]
[SourceQuality "1"]

1. f4 d5 2. Nf3 Nf6 3. d3 c6 4. g3 Bg4 5. Bg2 Nbd7 6. 0-0 e6 7. Qe1 Bc5+ 8. Kh1 0-0 9. e4 Nb6 10. Nbd2 Re8 11. e5 Nfd7 12. Nb3 Qe7 13. Nxc5 Nxc5 14. Be3 Nbd7 15. Qb4 a5 16. Qa3 b5 17. b3 b4 18. Qb2 Nb7 19. Nd4 Nb8 20. a3 c5 21. Nb5 Qd7 22. a4 Nc6 23. h3 Bh5 24. g4 Bg6 25. Rf2 Ne7 26. h4 h5 27. Bf3 hxg4 28. Bxg4 1-0

[Event "Remote Easter email"]
[Site "Remote email"]
[Date "2013.04.01"]
[Round "?"]
[White "Maier, Lukas"]
[Black "Klebe, Dieter"]
[Result "1-0"]
[WhiteElo "1909"]
[BlackElo "1602"]
[PlyCount "87"]
[EventDate "2013.??.??"]
[EventType "tourn (corr)"]
[EventRounds "8"]
[EventCountry "GER"]
[SourceTitle "Corr 2015"]
[Source "ChessBase"]
[SourceDate "2015.07.17"]
[SourceVersion "1"]
[SourceVersionDate "2015.07.17"]
[SourceQuality "1"]

1. d4 Nf6 2. c4 e6 3. Nc3 Bb4 4. Bg5 0-0 5. Nf3 d5 6. e3 Qd6 7. Bd3 Ne4 8. Rc1 Nxg5 9. Nxg5 g6 10. 0-0 f6 11. Nxh7 f5 12. Nxf8 Qxf8 13. Nb5 Na6 14. a3 Be7 15. b4 c6 16. Nc3 c5 17. dxc5 Bf6 18. cxd5 e5 19. c6 bxc6 20. dxc6 Nc7 21. Bc4+ Kg7 22. Nd5 Nxd5 23. Qxd5 Rb8 24. c7 Rb6 25. Bb5 Be6 26. Qxe6 Rxe6 27. c8Q Re7 28. Qxf8+ Kxf8 29. Rc8+ Kg7 30. Rfc1 e4 31. R1c7 Rxc7 32. Rxc7+ Kh6 33. Rxa7 Bb2 34. a4 Bc3 35. a5 Bxb4 36. a6 Bc5 37. Rc7 Bb6 38. Rb7 Bc5 39. a7 Bxa7 40. Rxa7 Kg5 41. f4+ Kh6 42. Kf2 g5 43. Ra6+ Kh5 44. Be8+ 1-0

[Event "GER-chT U14"]
[Site "Lingen"]
[Date "2011.12.27"]
[Round "1.2"]
[White "Oehne, Timo"]
[Black "Maier, Lukas"]
[Result "1-0"]
[WhiteElo "1809"]
[BlackElo "1503"]
[PlyCount "51"]
[EventDate "2011.12.27"]
[EventType "team-swiss"]
[EventRounds "7"]
[EventCountry "GER"]
[SourceTitle "EXT 2022"]
[Source "ChessBase"]
[SourceDate "2021.10.06"]
[SourceVersion "1"]
[SourceVersionDate "2021.10.06"]
[SourceQuality "1"]
[WhiteTeam "Lingen U14"]
[BlackTeam "Backnang U14"]
[WhiteTeamCountry "GER"]
[BlackTeamCountry "GER"]

1. e4 e5 2. f4 exf4 3. Nf3 Nc6 4. d4 d5 5. e5 Bg4 6. c3 g5 7. Be2 f6 8. exf6 Qxf6 9. Nbd2 Nge7 10. h4 h6 11. b4 Nf5 12. Nf1 Bg7 13. hxg5 hxg5 14. Rxh8+ Bxh8 15. b5 Nce7 16. Ne5 Bxe2 17. Qxe2 0-0-0 18. Bd2 Re8 19. 0-0-0 Kd8 20. Qh5 Ng7 21. Nf7+ Kd7 22. Qh3+ Ngf5 23. Ne5+ Kd8 24. g3 fxg3 25. Nxg3 Nxg3 26. Qd7# 1-0

[Event "GER-chT U12"]
[Site "Gross Doelln"]
[Date "2010.12.28"]
[Round "3.2"]
[White "Roehlich, Philipp"]
[Black "Maier, Lukas"]
[Result "1-0"]
[WhiteElo "1585"]
[BlackElo "1387"]
[PlyCount "89"]
[EventDate "2010.12.27"]
[EventType "team-swiss"]
[EventRounds "7"]
[EventCountry "GER"]
[SourceTitle "CBM 140 Extra"]
[Source "ChessBase"]
[SourceDate "2011.03.01"]
[SourceVersion "1"]
[SourceVersionDate "2011.03.01"]
[SourceQuality "1"]
[WhiteTeam "Trier U12"]
[BlackTeam "Backnang U12"]
[WhiteTeamCountry "GER"]
[BlackTeamCountry "GER"]

1. Nf3 d5 2. g3 c6 3. Bg2 Nf6 4. 0-0 Bf5 5. d3 e6 6. b3 Nbd7 7. c4 Bd6 8. Bb2 0-0 9. Nbd2 Rc8 10. Re1 Bc5 11. e4 Bg4 12. h3 Bh5 13. a3 a6 14. d4 Ba7 15. e5 Ne8 16. c5 f6 17. Qc1 Bb8 18. exf6 Nexf6 19. Rxe6 Re8 20. Re1 Bc7 21. Qc2 Re7 22. Rxe7 Qxe7 23. Re1 Qf7 24. Qc1 Re8 25. Ng5 Rxe1+ 26. Qxe1 Qe8 27. Qxe8+ Bxe8 28. Ne6 Bb8 29. Nd8 Bc7 30. Nxb7 Bg6 31. Bc3 Kf7 32. Kf1 Bd3+ 33. Ke1 g5 34. Bf1 Bxf1 35. Kxf1 h5 36. Ba5 Bxa5 37. Nxa5 Nb8 38. Nf3 Ne4 39. Ne5+ Kf6 40. Naxc6 Nxc6 41. Nxc6 Nd2+ 42. Ke2 Nxb3 43. Kd3 a5 44. a4 Ke6 45. Kc2 1-0